Varia velazqueña : (Registro nro. 67879)
[ vista simple ]
| 000 -LEADER | |
|---|---|
| campo de control de longitud fija | 01089nam a2200241 i 4500 |
| 001 - NÚMERO DE CONTROL | |
| campo de control | 67879 |
| 003 - IDENTIFICADOR DE NÚMERO DE CONTROL | |
| campo de control | ES-MaACL |
| 005 - FECHA Y HORA DE LA ÚLTIMA TRANSACCIÓN | |
| campo de control | 20260622131541.0 |
| 007 - CAMPO FIJO DE DESCRIPCIÓN FÍSICA--INFORMACIÓN GENERAL | |
| campo de control de longitud fija | ta |
| 008 - DATOS DE LONGITUD FIJA--INFORMACIÓN GENERAL | |
| campo de control de longitud fija | 040216s1960 sp ||||1| spa d |
| 040 ## - FUENTE DE CATALOGACIÓN | |
| Centro catalogador/agencia de origen | ES-MaACL |
| Lengua de catalogación | spa |
| Centro/agencia transcriptor | ES-MaACL |
| Normas de descripción | rda |
| 080 ## - NÚMERO DE LA CLASIFICACIÓN DECIMAL UNIVERSAL | |
| Número de la Clasificación Decimal Universal | 929 Velázquez, Diego |
| 245 00 - MENCIÓN DEL TÍTULO | |
| Título | Varia velazqueña : |
| Resto del título | homenaje a Velázquez en el III centenario de su muerte, 1660-1960 / |
| Mención de responsabilidad, etc. | [edición planeada, dirigida y anotada por Don Antonio Gallego y Burín]. |
| 260 ## - PUBLICACIÓN, DISTRIBUCIÓN, ETC. | |
| Lugar de publicación, distribución, etc. | Madrid : |
| Nombre del editor, distribuidor, etc. | Ministerio de Educación y Ciencia, Dirección General de Bellas Artes, |
| Fecha de publicación, distribución, etc. | 1960. |
| 300 ## - DESCRIPCIÓN FÍSICA | |
| Extensión | 2 v., 250 lám. ; |
| Dimensiones | 27 cm. |
| 505 0# - NOTA DE CONTENIDO CON FORMATO | |
| Nota de contenido con formato | I. Estudios sobre Velázquez y su obra (X, 711 p., 1 h.) ; II. Elogios poéticos, Textos y comentarios críticos, Documentos, Cronología, Láminas e índices (428 páginas, 8 h., 250 h. de lám.) |
| 600 14 - PUNTO DE ACCESO ADICIONAL DE MATERIA--NOMBRE DE PERSONA | |
| Nombre de persona | Velázquez, Diego, |
| Fechas asociadas al nombre | 1599-1660 |
| 9 (RLIN) | 113793 |
| 700 1# - ENTRADA AGREGADA--NOMBRE PERSONAL | |
| Nombre de persona | Gallego y Burín, Antonio, |
| Fechas asociadas al nombre | 1895-1961 |
| 9 (RLIN) | 53594 |
| Término indicativo de función/relación | Director de publicación |
| Relación | pbd |
| 852 ## - LOCALIZACIÓN | |
| Ubicación | ES-MaACL |
| Número de control de estantería | C-19607-8 |
| Sublocalización o colección | R.47245 |
| 942 ## - ELEMENTOS DE ENTRADA SECUNDARIOS (KOHA) | |
| Tipo de ítem Koha | Libro impreso |
| Estatus retirado | Estado de pérdida | Estado de daño | No para préstamo | Biblioteca de origen | Biblioteca actual | Ubicación en estantería | Fecha de adquisición | Fuente de adquisición | Total de préstamos | Signatura topográfica completa | Código de barras | Visto por última vez | Precio de reemplazo | Tipo de ítem Koha |
|---|---|---|---|---|---|---|---|---|---|---|---|---|---|---|
| Biblioteca del Ateneo de Madrid | Biblioteca del Ateneo de Madrid | Mesetón | 17/01/2008 | C-19607-8 | 1071064 | 23/02/2023 | 23/02/2023 | Libro impreso |
